| 000 -ლიდერი |
| ფიქსირებული სიგრძის საკონტროლო ველი |
02388nam a22002537a 4500 |
| 003 - საკონტროლო ნომრის იდენტიფიკატორი |
| საკონტროლო ველი |
Ge_BSU |
| 005 - ბოლო ოპერაციის თარიღი და დრო |
| საკონტროლო ველი |
20230605111151.0 |
| 008 - ფიქსირებული სიგრძის მონაცემთა ელემენტები - ზოგადი ინფორმაცია |
| ფიქსირებული სიგრძის საკონტროლო ველი |
230605s2018ge xxu||||| |||| 00| 0 geo d |
| 020 ## - წიგნის საერთაშორისო სტანდარტული ნომერი |
| International Standard Book Number |
9788301202170 |
| 041 ## - ენის კოდი |
| Language code of text/sound track or separate title |
geo |
| 080 ## - უნივერსალური ათობითი კლასიფიკაციის ინდექსი |
| Universal Decimal Classification number |
784.4(479.22)+681.854 წ-89 |
| 100 ## - მთავარი ჩანაწერი - პიროვნების სახელი |
| Personal name |
წურწუმია, რუსუდან, შემდგენელი |
| 9 (RLIN) |
18462 |
| 245 ## - ცნობა სათაურის შესახებ |
| Title |
გრიმო და ქართული სიმღერა = Grimaud and georgian song / |
| Statement of responsibility, etc |
იდეის ავტორი და პროექტის ხელმძღვანელი ნინო რაზმაძე ; შემდგენელი და რედაქტორი რუსუდან წურწუმია ; ტექსტები თარგმნეს: სიბილა გელაძემ (ფრანგულიდან ქართულად), მაია კაჭკაჭიშვილმა, თეონა ლომსაძემ და მარიამ ცოცხალაშვილმა (ქართულიდან ინგლისურად) ; დიზაინერი სანდრო ჩხაიძე ; |
| 264 ## - წარმოების, გამოცემის, დისტრიბუციის და სხვა ცნობები |
| გამოცემის, წარმოების, დისტრიბუციის... ადგილი |
ვარშავა : |
| გამოცემის, წარმოების, დისტრიბუციის... სახელწოდება |
PWN, |
| გამოცემის, წარმოების, დისტრიბუციის... თარიღი |
2018. |
| 300 ## - ფიზიკური აღწერა |
| Extent |
268 გვ. ; |
| Other physical details |
+ 4 CD ; |
| Dimensions |
28 სმ . |
| 546 ## - LANGUAGE NOTE |
| Language note |
ყდა, თავფურცელი და ტექსტი ქართულ და ინგლისურ ენებზე. |
| 653 ## - INDEX TERM--UNCONTROLLED |
| Uncontrolled term |
გრიმო, ივეტ, ფრანგი ეთნომუსიკოლოგი, 1922-2012. |
| 653 ## - INDEX TERM--UNCONTROLLED |
| Uncontrolled term |
ქართული ხალხური სიმღერების ხმოვანი ჩანაწერები. |
| 700 ## - ADDED ENTRY--PERSONAL NAME |
| Personal name |
რაზმაძე, ნინო |
| Relator term |
იდეის ავტორი და პროექტის ხელმძღვანელი |
| 9 (RLIN) |
17157 |
| 700 ## - ADDED ENTRY--PERSONAL NAME |
| Personal name |
გელაძე, სიბილა |
| Relator term |
მთარგმნელი |
| 9 (RLIN) |
6456 |
| 700 ## - ADDED ENTRY--PERSONAL NAME |
| Personal name |
კაჭკაჭიშვილი, მაია |
| Relator term |
მთარგმნელი და სხვ |
| 9 (RLIN) |
18463 |
| 710 ## - ADDED ENTRY--CORPORATE NAME |
| Corporate name or jurisdiction name as entry element |
თბილისის სახელმწიფო კონსერვატორიის ტრადიციული მრავალხმიანობის კვლევის საერთაშორისო ცენტრი, |
| 9 (RLIN) |
18464 |
| 942 ## - ADDED ENTRY ELEMENTS (KOHA) |
| Source of classification or shelving scheme |
|
| Koha item type |
წიგნი |